Statystyki dla Państwa Indochińskie

Kliknij tutaj aby rozwiązać quiz!

Ogólne statystyki

  • Ten quiz został rozwiązany 80 razy
  • Średni wynik to 4 z 6

Statystyki odpowiedzi

Odpowiedź% Poprawnych
Laos
92%
Mjanma
75%
Wietnam
75%
Tajlandia
71%
Kambodża
67%
Malezja
58%

Rozkład punktacji

Percentyl według liczby udzielonych odpowiedzi

Procent ludzi z każdym wynikiem

Twoja historia wyników

Nie rozwiązałeś tego quizu